Loading...
History - American History | 0 | 2 | 0 | 1 | 20 | 88 | 108.00 | 0 | 2 |
Literature - European Literature | 0 | 2 | 0 | 2 | 20 | 132 | 135.50 | 0 | 2 |
Social Science | 0 | 1 | 0 | 0 | 10 | 84 | 84.00 | 0 | 1 |
Literature - British Literature | 0 | 1 | 0 | 0 | 10 | 146 | 146.00 | 0 | 1 |
Other Academic | 0 | 1 | 0 | 0 | 10 | 89 | 89.00 | 1 | 1 |
Other Arts: Auditory | 0 | 1 | 0 | 0 | 10 | 93 | 93.00 | 0 | 1 |
History - European History | 0 | 1 | 0 | 1 | 10 | 139 | 139.00 | 0 | 1 |
Literature - American Literature | 0 | 1 | 0 | 0 | 10 | 105 | 105.00 | 0 | 1 |
Fine Arts - Auditory Fine Arts | 0 | 1 | 1 | 0 | 5 | 90 | 90.00 | 1 | 1 |
Geography | 0 | 0 | 0 | 0 | 0 | 0.00 | 0 | 0 | |
Beliefs | 0 | 0 | 0 | 0 | 0 | 0.00 | 0 | 0 |